zufällige deutsche lyrics #08 - Statistiken

Allgemein
  • Dieses Quiz wurde 64 mal gespielt
  • Das Durchschnittsergebnis liegt bei 164 aus 498
Antwortstatistiken
Antwort % Korrekt
ich
100%
Ich
100%
du
98%
Du
98%
km/h
93%
da
88%
n
85%
sie
85%
wir
85%
Wir
85%
es
80%
Es
80%
das
78%
die
78%
Die
78%
der
76%
bin
71%
den
69%
ist
69%
und
69%
Und
69%
in
66%
In
66%
ein
64%
wie
64%
bis
61%
eine
61%
Für
61%
für
61%
nicht
61%
zu
61%
dein
59%
mein‘
59%
mein
59%
so
59%
So
59%
hab‘
58%
ma
58%
sind
58%
dich
56%
uns
56%
war
56%
an
54%
dass
54%
ne
54%
auf
53%
habe
53%
im
51%
kann,
49%
kann
49%
mir
49%
Deine
47%
deine
47%
mich
47%
was?
47%
dir
46%
haben
44%
mit
44%
wenn
44%
Wenn
44%
lieben
42%
nach
42%
bist
41%
All
39%
als
39%
meine
39%
einem
37%
hat
37%
viel
37%
einen
34%
keine
34%
mach,
34%
von
34%
deinem
32%
doch
32%
leben
32%
Mehr
32%
schon
32%
Oh
31%
seine
29%
um
29%
Um
29%
warum
29%
Warum
29%
meiner
27%
muss
27%
nur
27%
sag‘
27%
Tür
27%
waren
25%
werde
24%
wollen,
24%
Geld
22%
sich
22%
Bus
20%
komm‘
20%
Haus
19%
ihrem
19%
keinen
19%
Mutter
19%
über
19%
unter
19%
brauch‘
17%
Frau
17%
gehen
17%
gibt
17%
Gott
17%
Gott,
17%
lass‘
17%
Lieber Gott
17%
dank‘
15%
Danke,
15%
Kind
15%
tun
15%
wird
15%
durch
14%
Lieber
14%
lieber
14%
müssen
14%
ohne
14%
Straße
14%
and
12%
bitte,
12%
bitte
12%
bitte“
12%
Fahre
12%
lache
12%
mag
12%
bisschen
10%
diesem
10%
Jetzt
10%
lange
10%
Mama,
10%
Mama
10%
Bock
8%
gerne
8%
kauf‘
8%
bald
7%
brauchst
7%
esse
7%
fahren
7%
Fast
7%
fick‘
7%
ficke
7%
ficken
7%
hässlich
7%
Kopf
7%
Körper
7%
laut,
7%
Lied
7%
Stock
7%
Stoff
7%
wurde,
7%
Arsch
5%
Früher
5%
Hopf
5%
Loch
5%
Philip
5%
Platz
5%
Schlampe?
5%
„Schlampe,
5%
Schwanz
5%
teuren
5%
Arschloch
3%
bar
3%
Boss
3%
broke
3%
dabei
3%
denen,
3%
dummes
3%
Guck,
3%
hock‘
3%
Indem
3%
kaputtener
3%
lag
3%
Lamborghini
3%
Mund,
3%
Nazi
3%
Pimmel,
3%
Plötzlich
3%
rappe
3%
raus
3%
Sau
3%
saufen
3%
Schnaps
3%
schreib‘
3%
Tat
3%
verstehen,
3%
Wasser
3%
Abiball
2%
achtmal
2%
Alice
2%
alkoholische
2%
Anziehsachen
2%
aufmachen
2%
ausgeleiert
2%
Birkenstock
2%
Buh,
2%
buh,
2%
buh
2%
cringe
2%
dafür
2%
davon
2%
Ehefrau:
2%
entartete
2%
eurem
2%
Filow
2%
Fluss
2%
Furz
2%
Grrr
2%
Guillotine,
2%
heißen
2%
Hip-Hop
2%
holen
2%
Hoss
2%
Hurensohn?
2%
(icke)
2%
Jap,
2%
Kannibale
2%
Keller,
2%
Kunst
2%
Langenscheidt
2%
länger
2%
Mehnersmoos
2%
Money,
2%
Nazis
2%
Parkett
2%
putz
2%
rauslassen
2%
reimt
2%
schaffen,
2%
Scheide
2%
Teile
2%
Texte
2%
verdorben
2%
Wauwau
2%
Weidel
2%
AfD
0%
AnnenMayKantereit
0%
atemlos
0%
aufzupassen
0%
ausgeleiht
0%
back
0%
Barth
0%
Bastard
0%
Böhsen
0%
braunes
0%
Charts
0%
Crack
0%
Deutsche
0%
drinnen
0%
Fäkalsprache
0%
faule
0%
Fischer‘s
0%
Fressbrett,
0%
Furious
0%
Garage
0%
Gecheckt
0%
gehör‘
0%
Genussmittel
0%
gette
0%
Grab
0%
Grüße
0%
Handysüchtige,
0%
Hasser*innen
0%
Heh
0%
Helene
0%
hitte
0%
Innenstadt
0%
Jehovas
0%
Kings,
0%
kippen
0%
klingen
0%
kurios
0%
Lunge
0%
Lupe
0%
Mario
0%
mei‘m
0%
Nanosekunde
0%
Onkelz
0%
Paris
0%
Parties
0%
Partys
0%
Pochers
0%
Rewe
0%
runtergezogener
0%
schwarzsiehst
0%
sechs
0%
Shirts
0%
Spasten
0%
stehst
0%
Style
0%
SUV
0%
teures
0%
The
0%
the
0%
Till,
0%
tret‘
0%
Tüte
0%
Unterhose
0%
Urologen
0%
Vadder
0%
vor‘m
0%
Wähl
0%
Zeugin
0%
Keine übereinstimmenden Quizze gefunden
Verteilung der Resultate
Anzahl Personen mit jedem Resultat
Perzentil nach korrekt beantworteten Fragen
Ihre Resultats-Entwicklung
Sie haben dieses Quiz noch nicht gespielt